Etiqueta de registo: 00254nam 2200025 450
001 2284895
003 http://id.bnportugal.gov.pt/bib/catbnp/2284895
010 ## $a978-972-671-847-5
021 ## $aPT$b559159/26
100 ## $a20260421d2026 m y0pory01030103ba
101 1# $apor
102 ## $aPT
105 ## $ay z 000yy
106 ## $ar
200 1# $a O sistema$e uma etnografia política da Nova Angola$fJon Schubert$gtrad. Susana Sousa e Silva
205 ## $a1ª ed
210 #9 $aLisboa$cICS - Imprensa de Ciências Sociais,$d2026
215 ## $a371 p.$d24 cm
675 ## $a323.2(673)"201/202"$vBN$zpor$31999727
675 ## $a328.1(673)"201/202"$vBN$zpor$31999736
675 ## $a338.1/.2(673)"201/202"$vBN$zpor$31999737
700 #1 $aSchubert,$bJon$31996430
702 #1 $aSilva,$bSusana Sousa e$4730$3182368
801 #0 $aPT$bBN$gRPC
856 41 $uhttp://rnod.bnportugal.gov.pt/ImagesBN/winlibimg.aspx?skey=&doc=2284895&img=222820&save=true
966 ## $lBN$mFGMON$sS.C. 169274 V.$x1
966 ## $lBN$mFGMON$sS.C. 169274 V.-D$x1
971 ## $cssilva$d20260421
973 ## $caalmeid$d20260529